Statistiques concernant Pays qui contiennent la lettre L

Cliquez ici pour prendre le quiz!

Statistiques générales

  • Ce quiz a été pris 242 fois
  • Le résultat moyen est 45 sur 65

Statistiques - réponses

IndicePays% Correct
1 x LLituanie
96%
1 x LLettonie
93%
2 x LAllemagne
90%
1 x LBrésil
90%
1 x LLuxembourg
85%
1 x LAustralie
84%
1 x LAlgérie
83%
1 x LFinlande
83%
1 x LIrlande
83%
1 x LIslande
83%
1 x LItalie
83%
1 x LLaos
83%
3 x LNouvelle-Zélande
83%
1 x LLiban
82%
1 x LPortugal
82%
1 x LBelgique
81%
1 x LLiechtenstein
81%
1 x LChili
80%
1 x LLibye
80%
1 x LAlbanie
79%
1 x LPologne
79%
1 x LBiélorussie
77%
1 x LColombie
77%
1 x LSlovaquie
77%
1 x LSlovénie
76%
1 x LBolivie
72%
1 x LMongolie
72%
1 x LRépublique Démocratique du Congo
72%
1 x LVenezuela
72%
1 x LLesotho
71%
1 x LMali
71%
1 x LIsraël
70%
1 x LSomalie
69%
1 x LThaïlande
69%
1 x LBulgarie
67%
1 x LMalte
67%
1 x LLiberia
66%
1 x LMoldavie
66%
1 x LRépublique du Congo
65%
1 x LRépublique Dominicaine
64%
1 x LSénégal
64%
1 x LGuatemala
63%
1 x LMalaisie
63%
1 x LSainte-Lucie
63%
1 x LAngola
62%
1 x LBelize
61%
3 x LÎles Marshall
61%
2 x LPapouasie-Nouvelle-Guinée
60%
1 x LGuinée Équatoriale
59%
1 x LMalawi
59%
1 x LPhilippines
59%
1 x LSalvador
59%
2 x LSeychelles
58%
2 x LÎles Salomon
57%
1 x LRépublique Tchèque
57%
1 x LMaldives
55%
1 x LNépal
54%
1 x LBangladesh
53%
1 x LPalaos
53%
1 x LSierra Leone
53%
1 x LTuvalu
50%
1 x LRépublique Centrafricaine
49%
1 x LSri Lanka
49%
1 x LSaint-Vincent-et-les-Grenadines
47%
1 x LTimor Oriental
47%

Distribution des résultats

Percentile par nombre de réponses

% des personnes avec chaque résultat

Votre développement - résultats

Vous n’avez pas pris ce quiz